000 00299nam a22001337a 4500
008 170419b xxu||||| |||| 00| 0 eng d
020 _a9780801669873
041 _aeng
080 _29 ED
_a579
100 _a11
101 _aSHM
245 _aDIAGNOSTIC MICROBIOLOGY
_cBARON.E.J
942 _2udc
_cBK
999 _c11079
_d11079